Березовий плач (Запис № 378255)

МАРК-запис
000 -Лідер
fixed length control field 00735nam a22002417a 4500
001 - Контрольний номер
control field 91990
003 - Ідентифікатор контрольного номера
control field UA-OsUOA
005 - Дата та час останнього входження (трансакції)
control field 20210528110923.0
007 - Фіксоване поле фізичного опису
fixed length control field ta
008 - Елементи даних фіксованої довжини – загальна інформація
fixed length control field 20121207b un ||||| |||| 00| 0 ukr d
040 ## - Джерело каталогізації
Агенція оригінальної каталогізації UA-OsUOA
Мова каталогізації ukr
Агенція, яка здійснювала перезапис UA-OsUOA
Агенція, яка здійснювала модифікацію UA-OsUOA
041 ## - Код мови
Код мови тексту/ звукової доріжки чи окремого заголовка (П) ukr
080 ## - Індекс Універсальної десяткової класифікації
Індекс Універсальної десяткової класифікації (УДК) (НП) 821.161.2
090 ## - Локальний шифр розміщення
Класифікаційний індекс УДК 821.161.2
Авторський знак (НП) Ш71
100 ## - Основне введення – ім’я особи
Ім’я особи (НП) Шмалюк А.
245 ## - Відомості про назву
Назва (НП) Березовий плач
Решта назви (НП) поезії
Дані про відповідальність (НП) Анатолій Шмалюк
260 ## - Публікація, розповсюдження і т.п. (Вихідні дані)
Місце публікації, розповсюдження і т.п. (П) Житомир
Дата публікації, розповсюдження і т.п. (П) 1997
Ім’я/ наймення видавництва, розповсюджувача і т.п. (П) Вид. газ. "Житомир"
300 ## - Фізичний опис
Обсяг 55 с.
650 #7 - Додаткове предметне введення – тематичний термін
Тематичний термін чи географічна назва, як елемент введення (НП) 82 Література. Літературознавство
Джерело заголовка чи терміна UDC
942 ## - Додаткові елементи входу (Коха)
Тип елемента Koha Книги
Source of classification or shelving scheme Universal Decimal Classification
955 ## - Код типу видання за змістом
Код типу видання за змістом (НП) Літературно-художні видання
Фонди
Стан вилучень Стан втрат Джерело класифікації або схеми стелажів Стан уражень Не для кредиту Постійне місце розташування Поточне розміщення Дата придбання Інвентарний номер Усього замовленно Повний номер виклику Штрих-код Дата останнього перегляду Ціна ефективна від Тип елемента Koha Код колекції Джерело придбання Вартість, звичайна ціна покупки Вартість, ціна заміни Примітка, призначена для загального доступу
    Universal Decimal Classification     АБ - Абонемент НБ АБ - Абонемент НБ 07/12/2012 48580   821.161.2 Ш71 48580 08/04/2022 07/12/2012 Книги          
    Universal Decimal Classification     ЧЗ - Читальна зала ЧЗ - Читальна зала 26/05/2021     821.161.2 Ш71 163515 07/02/2022 26/05/2021 Книги Колекція Пасічника І.Д. №15/11.05.2021 15.00 15.00 з автографом А. Шмалюка